<?xml version="1.0" encoding="UTF-8"?>
<record
    xmlns:xsi="http://www.w3.org/2001/XMLSchema-instance"
    xsi:schemaLocation="http://www.loc.gov/MARC21/slim http://www.loc.gov/standards/marcxml/schema/MARC21slim.xsd"
    xmlns="http://www.loc.gov/MARC21/slim">

  <leader>01363    a2200193   4500</leader>
  <controlfield tag="001">29955</controlfield>
  <controlfield tag="005">20260407155610.0</controlfield>
  <controlfield tag="008">260407a1950    arg                 spa d</controlfield>
  <controlfield tag="003">AR-UNSa-BCEJYS</controlfield>
  <datafield tag="040" ind1=" " ind2=" ">
    <subfield code="a">AR-UNSa-BCEJYS</subfield>
    <subfield code="b">spa</subfield>
    <subfield code="c">AR-UNSa-BCEJYS</subfield>
  </datafield>
  <datafield tag="080" ind1=" " ind2=" ">
    <subfield code="a">657.47</subfield>
    <subfield code="x">Contabilidad de Costos</subfield>
  </datafield>
  <datafield tag="245" ind1="1" ind2="0">
    <subfield code="a">Costos funcionales</subfield>
  </datafield>
  <datafield tag="264" ind1=" " ind2="1">
    <subfield code="c">1950</subfield>
  </datafield>
  <datafield tag="300" ind1=" " ind2=" ">
    <subfield code="a">181 p.</subfield>
    <subfield code="c">23 cm.</subfield>
  </datafield>
  <datafield tag="505" ind1=" " ind2=" ">
    <subfield code="a">1. Introcci&#xF3;n al estudio de los costos funcionales - 2. Costos de producci&#xF3;n y de ventas - 3. Clasificaci&#xF3;n de cuentas objetiva y funcional - 4. Costos duncionales - 5. Costos funcionales de administraci&#xF3;n - 6. Determinaci&#xF3;n de los costos funcionales de administraci&#xF3;n - 7. An&#xE1;lisis de los costos funcionales de administraci&#xF3;n - 8. Costos funcionales de producci&#xF3;n - 9. Determinaci&#xF3;n de los costos funcionales de producci&#xF3;n - 10. An&#xE1;lisis de los costos funcionales de producci&#xF3;n - 11. Costos funcionales de distribuci&#xF3;n - 12. Determinaci&#xF3;n de los costos funcionales de distribuci&#xF3;n - 13. Analisis de los costos funcionales de distribuci&#xF3;n - 14. Costos funcionales de financiaci&#xF3;n - 15. Determinaci&#xF3;n de los costos funcionales de financiaci&#xF3;n - 16. An&#xE1;lisis de los costos funcionales de financiaci&#xF3;n - 17. Los costos funcionales y el control presupuestario </subfield>
  </datafield>
  <datafield tag="942" ind1=" " ind2=" ">
    <subfield code="c">BK</subfield>
  </datafield>
  <datafield tag="590" ind1=" " ind2=" ">
    <subfield code="a">niveau_biblio:m niveau_hierar:0</subfield>
  </datafield>
  <datafield tag="100" ind1="1" ind2=" ">
    <subfield code="a">Cholvis, Francisco</subfield>
  </datafield>
  <datafield tag="999" ind1=" " ind2=" ">
    <subfield code="c">1989</subfield>
    <subfield code="d">1989</subfield>
  </datafield>
  <datafield tag="952" ind1=" " ind2=" ">
    <subfield code="0">0</subfield>
    <subfield code="1">0</subfield>
    <subfield code="4">0</subfield>
    <subfield code="7">0</subfield>
    <subfield code="a">BCEJYS</subfield>
    <subfield code="b">BCEJYS</subfield>
    <subfield code="c">16</subfield>
    <subfield code="d">2026-04-07</subfield>
    <subfield code="l">0</subfield>
    <subfield code="o">657.47 C547</subfield>
    <subfield code="p">L20038</subfield>
    <subfield code="r">2026-04-07 15:56:10</subfield>
    <subfield code="w">2026-04-07</subfield>
    <subfield code="y">L</subfield>
  </datafield>
  <datafield tag="952" ind1=" " ind2=" ">
    <subfield code="0">0</subfield>
    <subfield code="1">0</subfield>
    <subfield code="4">0</subfield>
    <subfield code="7">0</subfield>
    <subfield code="a">BCEJYS</subfield>
    <subfield code="b">BCEJYS</subfield>
    <subfield code="c">16</subfield>
    <subfield code="d">2026-04-07</subfield>
    <subfield code="l">0</subfield>
    <subfield code="o">657.47 C547</subfield>
    <subfield code="p">L20039</subfield>
    <subfield code="r">2026-04-07 15:56:10</subfield>
    <subfield code="w">2026-04-07</subfield>
    <subfield code="y">L</subfield>
  </datafield>
</record>
